| 000 | 01928nam a22003257a 4500 | ||
|---|---|---|---|
| 020 | _a9781260570090 | ||
| 082 |
_a617.0076 _bSCH |
||
| 245 | 0 | 0 |
_aSchwartz's Principles of Surgery / _cedited by F. Charles Brunicardi, Dana K. Anderson [and seven others]. |
| 246 | 3 | _aPrinciples of surgery | |
| 250 | _a11th Edition. | ||
| 260 |
_aNew York : _bMcGraw-Hill, _c2019. |
||
| 300 |
_a2 volumes : _c28 cm. _billustrations (some color) ; |
||
| 504 | _aIncludes bibliographical references and index. | ||
| 520 | _aBased on general surgery's cornerstone text, Schwartz's Principles of Surgery, this unmatched study guide provides everything you need to ace your exams, whether you're a medical student, a resident, or a practicing surgeon seeking recertification. Developed by some of the top minds in modern surgery, Schwartz's Principles of Surgery ABSITE and Board Review delivers the most current, authoritative perspectives on surgical practice. The board-style practice questions are accompanied by answers and comprehension-building rationales, ensuring a complete understanding of the material. Featuring hundreds of illustrations, photos, and tables, this is a resource for certification and recertification example review. | ||
| 563 | _aHBK. | ||
| 610 | 2 | 0 |
_aAmerican Board of Surgery _vStudy guides. _xExaminations _9125815 |
| 650 | 0 |
_aSurgery _vExaminations, questions, etc. _9125816 |
|
| 650 | 0 |
_aSurgery, Operative _9113387 |
|
| 650 | 0 |
_aSurgical Procedures, Operative _9125817 |
|
| 650 | 0 |
_aExamination Questions _9125818 |
|
| 650 | 6 |
_aChirurgie _vExamens, questions, etc. _9125819 |
|
| 650 | 6 |
_aChirurgie opératoire. _9125820 |
|
| 650 | 7 |
_aExaminations _2fast _9125821 |
|
| 650 | 7 |
_aSurgery _2fast _9113386 |
|
| 650 | 7 |
_aExaminations _2fast _9125822 |
|
| 650 | 7 |
_aStudy guides _2fast _99971 |
|
| 700 | 1 |
_aBrunicardi, F. Charles, _eeditor. _9125823 |
|
| 730 |
_aPrinciples of surgery _9125824 |
||
| 942 |
_2ddc _cBK |
||
| 999 |
_c595123 _d595123 |
||